Jean-Sébastien Alix, Didier Bertrand, Jean-Marc Brun, Michel Chauvière, Gabrielle Garrigue. Préface de Roland Gori. Toulouse, érès, 2018 (notice n° 1591698)
[ vue normale ]
| 000 -LEADER | |
|---|---|
| fixed length control field | 01605cam a2200157 4500500 |
| 005 - DATE AND TIME OF LATEST TRANSACTION | |
| control field | 20251228065527.0 |
| 041 ## - LANGUAGE CODE | |
| Language code of text/sound track or separate title | fre |
| 042 ## - AUTHENTICATION CODE | |
| Authentication code | dc |
| 100 10 - MAIN ENTRY--PERSONAL NAME | |
| Personal name | Chobeaux, François |
| Relator term | author |
| 245 00 - TITLE STATEMENT | |
| Title | Jean-Sébastien Alix, Didier Bertrand, Jean-Marc Brun, Michel Chauvière, Gabrielle Garrigue. Préface de Roland Gori. Toulouse, érès, 2018 |
| 260 ## - PUBLICATION, DISTRIBUTION, ETC. | |
| Date of publication, distribution, etc. | 2018.<br/> |
| 500 ## - GENERAL NOTE | |
| General note | 62 |
| 520 ## - SUMMARY, ETC. | |
| Summary, etc. | Les travailleurs sociaux en formation sont confrontés non seulement au sens à donner aux souffrances des individus pour mieux comprendre, aider, mais également à l’essence même de leur choix professionnel. Parce que les étudiants évoquent souvent leurs difficultés à s’immerger dans cette démarche où « parler de soi ne va pas de soi », surtout lorsqu’il est question de souffrance, il nous apparaît essentiel de construire des espaces de réflexion qui permettent de proposer des modalités de travail collectif pour élaborer à partir de cette souffrance.Souvent objet de retenue et même d’autocensure, comme si celle des usagers la recouvrait ou la disqualifiait, l’expression de la souffrance chez les étudiants est pourtant porteuse d’acquisition de savoirs. Ces savoirs sont facilement occultés par les instituts de formation comme par le terrain, faisant ainsi de la souffrance un impensé, alimentant la plainte et un sentiment envahissant de frustration. |
| 786 0# - DATA SOURCE ENTRY | |
| Note | VST - Vie sociale et traitements | 138 | 2 | 2018-05-14 | p. 126c-133c | 0396-8669 |
| 856 41 - ELECTRONIC LOCATION AND ACCESS | |
| Uniform Resource Identifier | <a href="https://shs.cairn.info/revue-vie-sociale-et-traitements-2018-2-page-126c?lang=fr&redirect-ssocas=7080">https://shs.cairn.info/revue-vie-sociale-et-traitements-2018-2-page-126c?lang=fr&redirect-ssocas=7080</a> |
Pas d'exemplaire disponible.




Réseaux sociaux